[Event "Split op 11th"]
[Site "Split"]
[Date "2022.07.23"]
[Round "8"]
[White "Tica, Sven"]
[Black "Bajlo, Kristijan"]
[Result "1-0"]
[WhiteElo "2451"]
[BlackElo "2201"]
[PlyCount "93"]
[EventDate "2022.07.16"]
[EventType "swiss"]
[EventRounds "9"]
[EventCountry "CRO"]
[SourceTitle "CBM 209 Extra"]
[Source "ChessBase"]
[SourceDate "2022.09.30"]
[SourceVersion "1"]
[SourceVersionDate "2022.09.30"]
[SourceQuality "1"]

1. d4 Nf6 2. c4 g6 3. Nc3 Bg7 4. Bf4 0-0 5. e3 d6 6. Be2 Nbd7 7. Nf3 c6 8. h3 Qb6 9. Qc2 Re8 10. 0-0 e5 11. Bh2 exd4 12. Nxd4 Ne5 13. Rad1 a6 14. Nf3 Bf8 15. Rd2 Qb4 16. Qa4 a5 17. a3 Qc5 18. Nd4 Be6 19. Nxe6 Rxe6 20. Qb3 Qa7 21. Rfd1 Rae8 22. Bg3 Ned7 23. Qc2 Nc5 24. Bf3 Qa6 25. b4 axb4 26. axb4 Nce4 27. b5 cxb5 28. cxb5 Qa5 29. Nxe4 Nxe4 30. Bxe4 Rxe4 31. Rd5 Rb4 32. Qe2 Qa4 33. Rc1 Ra8 34. Kh2 Qb3 35. Qf3 Rc4 36. Rcd1 Rac8 37. Qf6 Qc3 38. Qxc3 Rxc3 39. Bxd6 Bxd6+ 40. Rxd6 Rb3 41. R1d5 Rc2 42. Kg3 Rbb2 43. Rf6 Kg7 44. Rf4 Rb3 45. Rd7 Rxb5 46. Rfxf7+ Kg8 47. Rg7+ 1-0

[Event "Split op 8th"]
[Site "Split"]
[Date "2018.08.15"]
[Round "5"]
[White "Bajlo, Kristijan"]
[Black "Palac, Mladen"]
[Result "0-1"]
[WhiteElo "2151"]
[BlackElo "2541"]
[PlyCount "64"]
[EventDate "2018.08.12"]
[EventType "swiss"]
[EventRounds "9"]
[EventCountry "CRO"]
[SourceTitle "CBM 186 Extra"]
[Source "ChessBase"]
[SourceDate "2018.08.24"]
[SourceVersion "1"]
[SourceVersionDate "2018.08.24"]
[SourceQuality "1"]

1. d4 Nf6 2. Nf3 d5 3. c4 e6 4. g3 dxc4 5. Bg2 Bb4+ 6. Bd2 a5 7. 0-0 0-0 8. Qc2 Bxd2 9. Nbxd2 b5 10. a4 c6 11. Rfd1 Nd5 12. Ne4 Na6 13. Ne5 Bb7 14. Rac1 Qe7 15. h4 f6 16. Nf3 Nb6 17. Nc3 b4 18. Ne4 c5 19. dxc5 Nxc5 20. Nd6 Bd5 21. e4 Qxd6 22. Nd2 b3 23. Qb1 Bc6 24. Nxc4 Qc7 25. Ne3 Nbxa4 26. Rc4 Bb5 27. Rcd4 Rad8 28. h5 h6 29. Bh3 Rxd4 30. Rxd4 Qe5 31. Qd1 Nxb2 32. Qd2 Nbd3 0-1

[Event "Solta Amateur op"]
[Site "Grohote"]
[Date "2018.06.26"]
[Round "4"]
[White "Bajlo, Kristijan"]
[Black "Lazov, Toni"]
[Result "0-1"]
[WhiteElo "2151"]
[BlackElo "2328"]
[PlyCount "70"]
[EventDate "2018.06.24"]
[EventType "swiss"]
[EventRounds "9"]
[EventCountry "CRO"]
[SourceTitle "CBM 185 Extra"]
[Source "ChessBase"]
[SourceDate "2018.07.29"]
[SourceVersion "1"]
[SourceVersionDate "2018.07.29"]
[SourceQuality "1"]

1. d4 Nf6 2. c4 g6 3. Nc3 Bg7 4. e4 d6 5. Nf3 0-0 6. Be2 Nbd7 7. 0-0 e5 8. d5 Nc5 9. Qc2 a5 10. Nd2 Nfd7 11. b3 f5 12. a3 Nf6 13. Bf3 Bh6 14. Re1 b6 15. Ra2 Kh8 16. Rb2 Bxd2 17. Qxd2 f4 18. b4 Nb7 19. Bd1 Bd7 20. Bb3 g5 21. Qc2 Qe8 22. Qd3 Qh5 23. Bd1 g4 24. f3 Rg8 25. fxg4 Nxg4 26. Bxg4 Rxg4 27. Qf3 Rag8 28. Rf1 Qh4 29. Nb5 R4g6 30. Nxc7 Bh3 31. Rff2 Rh6 32. Qc3 Bxg2 33. Bxf4 Bf3+ 34. Bg3 Qxg3+ 35. Rg2 Qxh2+ 0-1

[Event "Topusko op 5th"]
[Site "Topusko"]
[Date "2016.08.13"]
[Round "9"]
[White "Bajlo, Kristijan"]
[Black "Pandurevic, Miro"]
[Result "1/2-1/2"]
[WhiteElo "2110"]
[BlackElo "2295"]
[PlyCount "179"]
[EventDate "2016.08.06"]
[EventType "swiss"]
[EventRounds "9"]
[EventCountry "CRO"]
[SourceTitle "CBM 173 Extra"]
[Source "ChessBase"]
[SourceDate "2016.08.29"]
[SourceVersion "1"]
[SourceVersionDate "2016.08.29"]
[SourceQuality "1"]

1. d4 Nf6 2. Nf3 d6 3. c4 g6 4. Nc3 Bg7 5. e3 0-0 6. Be2 Nfd7 7. 0-0 Nc6 8. e4 e5 9. Bg5 f6 10. Be3 f5 11. exf5 Rxf5 12. d5 Nb4 13. Ne4 h6 14. Qd2 a5 15. a3 Na6 16. Bxh6 Nac5 17. Nxc5 Nxc5 18. Bxg7 Kxg7 19. Qe3 a4 20. g3 e4 21. Nd4 Re5 22. Qc3 Kh7 23. f4 exf3 24. Nxf3 Ne4 25. Qd4 Re8 26. Bd3 Bf5 27. Rae1 Nc5 28. Bxf5 gxf5 29. Rxe8 Qxe8 30. Qh4+ Kg7 31. Re1 Ne4 32. Ng5 Qg6 33. Ne6+ Kf7 34. Rf1 Nf6 35. Qf4 c6 36. Ng5+ Kg7 37. Ne6+ Kf7 38. Qxd6 cxd5 39. cxd5 Re8 40. Qe5 Ng4 41. Rxf5+ Kg8 42. Qf4 Kh8 43. Qg5 Qxg5 44. Rxg5 Ne3 45. Re5 Nc4 46. Re2 Re7 47. Kf2 Rd7 48. Nf4 Rd6 49. Re8+ Kg7 50. Re7+ Kf6 51. Rxb7 Ke5 52. Re7+ Kd4 53. Re6 Rd7 54. h4 Rb7 55. Re2 Nxb2 56. h5 Nc4 57. Ra2 Ne5 58. Rd2+ Kc3 59. Rd1 Kc2 60. Rh1 Kb2 61. h6 Rh7 62. Ke2 Ng4 63. Kf3 Rxh6 64. Rxh6 Nxh6 65. d6 Nf7 66. Nd3+ Kc3 67. Nc5 Nxd6 68. Nxa4+ Kb3 69. Nc5+ Kxa3 70. Kf4 Kb4 71. Ne4 Nf7 72. Kf5 Kc4 73. Ng5 Nh6+ 74. Ke4 Kc5 75. Ke5 Kc4 76. Ne6 Kd3 77. Kf4 Ke2 78. Nc5 Kf2 79. Ne4+ Kg2 80. Kg5 Nf7+ 81. Kg4 Kh2 82. Kf4 Nh6 83. Kg5 Nf7+ 84. Kf6 Nh6 85. Kg5 Nf7+ 86. Kh4 Kg2 87. g4 Ne5 88. g5 Nf3+ 89. Kg4 Nxg5 90. Kxg5 1/2-1/2

[Event "Topusko op 5th"]
[Site "Topusko"]
[Date "2016.08.08"]
[Round "4"]
[White "Bajlo, Kristijan"]
[Black "Petricevic, Petar"]
[Result "1-0"]
[WhiteElo "2110"]
[BlackElo "1920"]
[PlyCount "117"]
[EventDate "2016.08.06"]
[EventType "swiss"]
[EventRounds "9"]
[EventCountry "CRO"]
[SourceTitle "CBM 173 Extra"]
[Source "ChessBase"]
[SourceDate "2016.08.29"]
[SourceVersion "1"]
[SourceVersionDate "2016.08.29"]
[SourceQuality "1"]

1. d4 d5 2. Nf3 c6 3. c4 e6 4. Qc2 f5 5. Bg5 Nf6 6. e3 Bd6 7. Nc3 0-0 8. Bd3 h6 9. Bf4 Bb4 10. 0-0 g5 11. Bg3 Nh5 12. Be5 Nd7 13. cxd5 Nxe5 14. Nxe5 exd5 15. Rad1 Kg7 16. Na4 Bd6 17. f4 g4 18. Nc5 Rf6 19. a3 Kg8 20. Rc1 Ng7 21. b4 a6 22. Qb3 Bf8 23. Qc3 b6 24. Nb3 Bb7 25. Qc2 Qd6 26. Rb1 Qe6 27. Rfc1 Rc8 28. Qe2 Ra8 29. Rc3 Qe8 30. Qc2 Rc8 31. Nd2 h5 32. h3 Bd6 33. Rc1 Bxe5 34. fxe5 Rg6 35. hxg4 Rxg4 36. Be2 Rg3 37. Nf1 Rg5 38. Bf3 Qg6 39. Qf2 Rf8 40. Nh2 Kh7 41. Re1 Ne6 42. Kf1 Rg3 43. Bxh5 Qg5 44. Nf3 Qg7 45. Ng1 f4 46. Bf3 fxe3 47. Rcxe3 a5 48. Rd1 Ba6+ 49. Ke1 axb4 50. axb4 Nf4 51. Be4+ dxe4 52. Rxg3 Nd3+ 53. Rdxd3 Rxf2 54. Rxg7+ Kxg7 55. Rg3+ Kf7 56. Kxf2 Ke6 57. Rc3 Kd5 58. Ke3 Bc8 59. Ne2 1-0

[Event "Topusko op 5th"]
[Site "Topusko"]
[Date "2016.08.07"]
[Round "2"]
[White "Bajlo, Kristijan"]
[Black "Veljacic, Elvis"]
[Result "1-0"]
[WhiteElo "2110"]
[BlackElo "1959"]
[PlyCount "113"]
[EventDate "2016.08.06"]
[EventType "swiss"]
[EventRounds "9"]
[EventCountry "CRO"]
[SourceTitle "CBM 173 Extra"]
[Source "ChessBase"]
[SourceDate "2016.08.29"]
[SourceVersion "1"]
[SourceVersionDate "2016.08.29"]
[SourceQuality "1"]

1. d4 d5 2. Nf3 Nf6 3. c4 c6 4. e3 e6 5. Qc2 Bd6 6. Bd3 dxc4 7. Bxc4 Nbd7 8. 0-0 0-0 9. Nc3 Qc7 10. h3 e5 11. Rd1 exd4 12. exd4 Nb6 13. Bb3 h6 14. Bd2 Bd7 15. Rac1 Rfe8 16. Bxh6 Be6 17. Bg5 Bxb3 18. Qxb3 Bf4 19. Bxf4 Qxf4 20. Re1 Rab8 21. Rcd1 Rxe1+ 22. Rxe1 Nbd5 23. a3 b5 24. Qc2 b4 25. Ne2 Qd6 26. Ra1 b3 27. Qd3 c5 28. Rd1 cxd4 29. Nfxd4 a5 30. Nxb3 a4 31. Nd2 Qc7 32. b4 axb3 33. Nxb3 g6 34. Ned4 Kg7 35. a4 Rh8 36. Rc1 Qb8 37. Qg3 Nf4 38. Qc3 N4d5 39. Qb2 Qe5 40. Qe2 Qb8 41. a5 Nf4 42. Qf3 N6h5 43. a6 Nxg2 44. Nc6 Qd6 45. Rd1 Qc7 46. Qc3+ f6 47. Qc5 Nhf4 48. Qe7+ Qxe7 49. Nxe7 Rxh3 50. a7 Nh4 51. f3 Rg3+ 52. Kf1 Rxf3+ 53. Ke1 Nhg2+ 54. Kd2 Rxb3 55. a8Q Ne3 56. Qg8+ Kh6 57. Rh1+ 1-0

[Event "Zagreb Hulak Memorial op 1st"]
[Site "Zagreb"]
[Date "2016.06.16"]
[Round "8"]
[White "Cupic, Lovro"]
[Black "Bajlo, Kristijan"]
[Result "1-0"]
[WhiteElo "2169"]
[BlackElo "2105"]
[PlyCount "79"]
[EventDate "2016.06.10"]
[EventType "swiss"]
[EventRounds "9"]
[EventCountry "CRO"]
[SourceTitle "CBM 173 Extra"]
[Source "ChessBase"]
[SourceDate "2016.08.29"]
[SourceVersion "1"]
[SourceVersionDate "2016.08.29"]
[SourceQuality "1"]

1. e4 c5 2. Nf3 e6 3. d4 cxd4 4. Nxd4 a6 5. Nc3 Qc7 6. g3 Nf6 7. Bg2 Be7 8. 0-0 0-0 9. f4 d6 10. Kh1 Bd7 11. e5 Ne8 12. exd6 Bxd6 13. f5 Nc6 14. fxe6 fxe6 15. Rxf8+ Bxf8 16. Nf3 Nf6 17. Qe2 Re8 18. Be3 Nb4 19. Bf4 Qc5 20. Ne5 Bc8 21. Rf1 Nbd5 22. Bd2 Bd6 23. Ne4 Nxe4 24. Bxe4 Nf6 25. Rxf6 Qxe5 26. Bc3 Qg5 27. Rf1 Rf8 28. Rxf8+ Bxf8 29. Qf3 Qe7 30. h4 g6 31. h5 g5 32. Bf6 Qc5 33. Bd3 Bg7 34. Bxg7 Kxg7 35. h6+ Kxh6 36. Qf7 Qd5+ 37. Kh2 Qd7 38. Qf6+ Kh5 39. g4+ Kxg4 40. Be2+ 1-0

[Event "Bjelovar op 6th"]
[Site "Bjelovar"]
[Date "2014.08.06"]
[Round "7"]
[White "Bajlo, Kristijan"]
[Black "Horina, Miroslav"]
[Result "1-0"]
[WhiteElo "2112"]
[BlackElo "1801"]
[PlyCount "139"]
[EventDate "2014.08.03"]
[EventType "swiss"]
[EventRounds "7"]
[EventCountry "CRO"]
[SourceTitle "EXT 2019"]
[Source "ChessBase"]
[SourceDate "2018.10.10"]
[SourceVersion "1"]
[SourceVersionDate "2018.10.10"]
[SourceQuality "1"]

1. e4 e5 2. Nf3 Nc6 3. d4 exd4 4. Nxd4 Nf6 5. Nxc6 bxc6 6. e5 Nd5 7. c4 Nb6 8. Bd3 Bb4+ 9. Nd2 d6 10. 0-0 dxe5 11. Qe2 h6 12. Nf3 0-0 13. Nxe5 Qf6 14. f4 Bc5+ 15. Kh1 Bd4 16. Bd2 c5 17. Be4 Rb8 18. Nc6 Ba6 19. Nxb8 Rxb8 20. Bd3 Nxc4 21. Rab1 Nxd2 22. Qxd2 c4 23. Bc2 g6 24. Rfd1 c5 25. Be4 Kg7 26. g3 Bb7 27. Qg2 Bc8 28. Rdc1 Qa6 29. Qc2 Be3 30. Qc3+ Bd4 31. Qxc4 Qb6 32. b3 Bb7 33. Qc2 Re8 34. Bg2 Ba6 35. Re1 Rxe1+ 36. Rxe1 Qb4 37. Rd1 Bc8 38. h3 Bf5 39. Qe2 Qc3 40. Kh2 h5 41. Qd2 a5 42. Qxc3 Bxc3 43. Rc1 Bb4 44. Bd5 f6 45. Kg2 g5 46. fxg5 fxg5 47. Rf1 Bg6 48. Rf2 h4 49. gxh4 gxh4 50. Rf4 Be1 51. Kf1 Bg3 52. Ra4 Kf6 53. Rxa5 Bd6 54. Ra8 Ke5 55. Bf3 Kd4 56. Rd8 Ke5 57. a4 Bc2 58. a5 Bxb3 59. a6 Bc4+ 60. Be2 Bd5 61. a7 c4 62. a8Q Bxa8 63. Rxa8 c3 64. Bd1 Kf4 65. Rc8 Be5 66. Bc2 Kg3 67. Bf5 Bf4 68. Be6 Kf3 69. Ke1 Ke3 70. Kd1 1-0

[Event "Bjelovar op 6th"]
[Site "Bjelovar"]
[Date "2014.08.05"]
[Round "5"]
[White "Bajlo, Kristijan"]
[Black "Hladnic, Emanuel"]
[Result "0-1"]
[WhiteElo "2112"]
[BlackElo "1906"]
[PlyCount "74"]
[EventDate "2014.08.03"]
[EventType "swiss"]
[EventRounds "7"]
[EventCountry "CRO"]
[SourceTitle "EXT 2019"]
[Source "ChessBase"]
[SourceDate "2018.10.10"]
[SourceVersion "1"]
[SourceVersionDate "2018.10.10"]
[SourceQuality "1"]

1. d4 Nf6 2. c4 g6 3. Nc3 Bg7 4. e4 d6 5. Nf3 0-0 6. Be2 e5 7. 0-0 Nbd7 8. d5 c6 9. dxc6 Nc5 10. c7 Qxc7 11. Qc2 a6 12. h3 b6 13. Be3 Bb7 14. Nd2 Rac8 15. Rac1 Rfe8 16. Rfe1 Ne6 17. Bf1 Nd4 18. Qd1 Nd7 19. Nb3 Ne6 20. Nd5 Qd8 21. Qd2 f5 22. f3 a5 23. Na1 Ndc5 24. Bf2 fxe4 25. fxe4 Rf8 26. b4 axb4 27. Qxb4 Bxd5 28. cxd5 Nf4 29. Rc3 Qf6 30. Bxc5 bxc5 31. Qb2 Bh6 32. Nb3 Qh4 33. Ra1 Nh5 34. a4 Qxe4 35. a5 Be3+ 36. Rxe3 Qxe3+ 37. Kh2 Rb8 0-1

[Event "Bjelovar op 6th"]
[Site "Bjelovar"]
[Date "2014.08.04"]
[Round "3"]
[White "Bajlo, Kristijan"]
[Black "Kovacevic, Veljko"]
[Result "0-1"]
[WhiteElo "2112"]
[BlackElo "2191"]
[PlyCount "108"]
[EventDate "2014.08.03"]
[EventType "swiss"]
[EventRounds "7"]
[EventCountry "CRO"]
[SourceTitle "EXT 2019"]
[Source "ChessBase"]
[SourceDate "2018.10.10"]
[SourceVersion "1"]
[SourceVersionDate "2018.10.10"]
[SourceQuality "1"]

1. e4 c5 2. Nf3 d6 3. Bb5+ Nd7 4. 0-0 a6 5. Bxd7+ Bxd7 6. d4 cxd4 7. Nxd4 Nf6 8. Re1 Rc8 9. c3 g6 10. f3 Bg7 11. Be3 0-0 12. Qd2 e5 13. Nb3 Be6 14. Qf2 d5 15. N1d2 Qc7 16. Nc5 dxe4 17. Ndxe4 Bd5 18. Nxf6+ Bxf6 19. Ne4 Be7 20. Red1 Qc6 21. Nd2 f5 22. Qe2 Qe6 23. a3 Rfd8 24. Re1 Bf6 25. Bf2 Re8 26. Rac1 b5 27. Ra1 Qc6 28. Rac1 Bg5 29. Be3 Bh4 30. Bf2 Bf6 31. Qe3 Rcd8 32. Rcd1 Kg7 33. Qb6 h5 34. Nf1 e4 35. fxe4 Bxe4 36. Rxd8 Rxd8 37. Qxc6 Bxc6 38. Bc5 Kf7 39. Kf2 f4 40. Re2 Rd5 41. Bb6 g5 42. Rd2 Ke6 43. Rxd5 Bxd5 44. Bc7 Kf5 45. Nd2 g4 46. g3 f3 47. Nf1 Ke4 48. Bb6 Kd3 49. Ke1 Bg5 50. Bc5 Bc1 51. a4 Bxb2 52. axb5 Bxc3+ 53. Kd1 axb5 54. Ne3 f2 0-1

[Event "Bjelovar op 6th"]
[Site "Bjelovar"]
[Date "2014.08.03"]
[Round "2"]
[White "Baradaran, Arman"]
[Black "Bajlo, Kristijan"]
[Result "0-1"]
[WhiteElo "1862"]
[BlackElo "2112"]
[PlyCount "62"]
[EventDate "2014.08.03"]
[EventType "swiss"]
[EventRounds "7"]
[EventCountry "CRO"]
[SourceTitle "EXT 2019"]
[Source "ChessBase"]
[SourceDate "2018.10.10"]
[SourceVersion "1"]
[SourceVersionDate "2018.10.10"]
[SourceQuality "1"]

1. d4 d5 2. c4 c6 3. Nf3 Nf6 4. g3 dxc4 5. Bg2 Bf5 6. 0-0 e6 7. Nbd2 Nbd7 8. Nxc4 Be4 9. Nfe5 Bxg2 10. Kxg2 Be7 11. f4 0-0 12. Qd3 Qc7 13. e4 c5 14. d5 exd5 15. exd5 b5 16. Ne3 Nxe5 17. fxe5 Qxe5 18. Rf5 Qb8 19. Nc2 Rd8 20. Bg5 Qb7 21. Ne3 Ne8 22. Raf1 f6 23. Bh4 Nd6 24. Rh5 g6 25. Rh6 Kg7 26. Qd2 Nf7 27. Bxf6+ Bxf6 28. Rxf6 Nxh6 29. Qc3 Kg8 30. Qe5 Re8 31. Qg5 Qg7 0-1

[Event "Opatija op 2nd"]
[Site "Opatija"]
[Date "2014.07.06"]
[Round "9"]
[White "Unuk, Laura"]
[Black "Bajlo, Kristijan"]
[Result "0-1"]
[WhiteElo "2110"]
[BlackElo "2096"]
[PlyCount "137"]
[EventDate "2014.06.29"]
[EventType "swiss"]
[EventRounds "9"]
[EventCountry "CRO"]
[SourceTitle "CBM 161 Extra"]
[Source "ChessBase"]
[SourceDate "2014.08.29"]
[SourceVersion "1"]
[SourceVersionDate "2014.08.29"]
[SourceQuality "1"]

1. d4 d5 2. c4 dxc4 3. Nf3 Nf6 4. e3 c5 5. Bxc4 e6 6. 0-0 Be7 7. Qe2 Nc6 8. Rd1 Qc7 9. Nc3 0-0 10. e4 Nxd4 11. Nxd4 cxd4 12. Rxd4 e5 13. Rd2 Bg4 14. f3 Bd7 15. Rc2 Rac8 16. Bb3 Qb6+ 17. Kh1 h6 18. g4 Bb4 19. g5 hxg5 20. Be3 Bc5 21. Bxg5 Bd4 22. Qg2 Bxc3 23. bxc3 Nh5 24. Rd1 Be6 25. c4 Kh7 26. c5 Qc7 27. Bxe6 fxe6 28. Qh3 Qf7 29. Rf1 Kg8 30. Be3 Rc6 31. Qh4 Nf4 32. Rg1 Qf6 33. Qg4 b6 34. Rc3 Ne2 35. Bg5 Qf7 36. Bh6 Nxg1 37. Kxg1 bxc5 38. Rc2 Rb8 39. h4 Kh7 40. Bd2 c4 41. Bc3 Rc5 42. Rc1 Qg6 43. Rd1 Rb6 44. Kf2 Ra6 45. Rd2 Rb5 46. h5 Qxg4 47. fxg4 Kh6 48. Kg3 g6 49. hxg6 Kxg6 50. Kh4 Ra3 51. Rc2 Ra6 52. Rd2 Rc6 53. Rd8 Rb7 54. g5 Rc5 55. Rg8+ Kf7 56. Rh8 Kg7 57. Rd8 Rb1 58. Kh5 Rh1+ 59. Kg4 Rg1+ 60. Kh5 Rh1+ 61. Kg4 Rc1 62. Bb4 Rc6 63. Bf8+ Kf7 64. Ba3 Rg1+ 65. Kh5 Rh1+ 66. Kg4 c3 67. Rd7+ Kg6 68. Bf8 Rh7 69. Bd6 0-1

[Event "CRO-chT2S"]
[Site "Makarska"]
[Date "2013.10.05"]
[Round "5.4"]
[White "Brunski, Igor"]
[Black "Bajlo, Kristijan"]
[Result "1/2-1/2"]
[WhiteElo "2108"]
[BlackElo "2104"]
[PlyCount "70"]
[EventDate "2013.04.05"]
[EventType "team-tourn"]
[EventRounds "9"]
[EventCountry "CRO"]
[SourceTitle "EXT 2014"]
[Source "ChessBase"]
[SourceDate "2013.11.20"]
[SourceVersion "1"]
[SourceVersionDate "2013.11.20"]
[SourceQuality "1"]
[WhiteTeam "Kastel"]
[BlackTeam "Privlaka Sveti Vid"]
[WhiteTeamCountry "CRO"]
[BlackTeamCountry "CRO"]

1. d4 Nf6 2. Nf3 g6 3. g3 Bg7 4. Bg2 0-0 5. 0-0 d6 6. c4 Nbd7 7. Nc3 c6 8. e4 e5 9. h3 Re8 10. d5 Nc5 11. Qc2 a5 12. Bg5 Ncd7 13. Qd2 c5 14. Nh2 Nb6 15. b3 Bd7 16. Ng4 Bxg4 17. hxg4 Qd7 18. f3 a4 19. Nb5 Ra6 20. Qb2 Rea8 21. Kf2 Ne8 22. Rh1 Nc7 23. Nc3 axb3 24. axb3 Rxa1 25. Rxa1 Rxa1 26. Qxa1 Na6 27. Qa5 Nc8 28. Qd8+ Qxd8 29. Bxd8 Kf8 30. Na4 Ke8 31. Ba5 Bh6 32. Ke2 Bg5 33. Nb2 Bd8 34. Bd2 Kd7 35. f4 g5 1/2-1/2

[Event "Krk Golden Island op 1st"]
[Site "Malinska"]
[Date "2013.04.12"]
[Round "9"]
[White "Plenca, Jerko"]
[Black "Bajlo, Kristijan"]
[Result "1-0"]
[WhiteElo "2108"]
[BlackElo "2118"]
[PlyCount "95"]
[EventDate "2013.04.06"]
[EventType "swiss"]
[EventRounds "9"]
[EventCountry "CRO"]
[SourceTitle "CBM 153 Extra"]
[Source "ChessBase"]
[SourceDate "2013.04.22"]
[SourceVersion "1"]
[SourceVersionDate "2013.04.22"]
[SourceQuality "1"]

1. e4 c5 2. Nf3 Nc6 3. Bb5 g6 4. Bxc6 dxc6 5. d3 Bg7 6. 0-0 Bg4 7. h3 Bxf3 8. Qxf3 Qd7 9. Nc3 e5 10. Bg5 b6 11. a4 a5 12. Qg4 Qxg4 13. hxg4 h5 14. gxh5 Rxh5 15. Bd2 Ne7 16. g3 Kd7 17. Kg2 f5 18. Rh1 Rah8 19. Rxh5 Rxh5 20. Ne2 Ke6 21. Bc3 Nc8 22. exf5+ gxf5 23. Re1 Kd6 24. f4 Rh6 25. Ng1 Re6 26. Nf3 exf4 27. Rxe6+ Kxe6 28. Bxg7 fxg3 29. Kxg3 b5 30. Bc3 c4 31. dxc4 bxa4 32. Bxa5 Nd6 33. Nd2 Nf7 34. Bb4 Ke5 35. b3 axb3 36. Bc3+ Ke6 37. cxb3 Nd6 38. Kf4 Nb7 39. Nf3 Nc5 40. Nd4+ Ke7 41. Kxf5 Nd3 42. Nf3 Nc1 43. b4 Ne2 44. Be1 Nc1 45. Ke4 Nb3 46. Kd3 Nc1+ 47. Kd2 Nb3+ 48. Kc2 1-0

[Event "Krk Golden Island op 1st"]
[Site "Malinska"]
[Date "2013.04.09"]
[Round "5"]
[White "Doric, Nenad"]
[Black "Bajlo, Kristijan"]
[Result "1-0"]
[WhiteElo "2295"]
[BlackElo "2118"]
[PlyCount "79"]
[EventDate "2013.04.06"]
[EventType "swiss"]
[EventRounds "9"]
[EventCountry "CRO"]
[SourceTitle "CBM 153 Extra"]
[Source "ChessBase"]
[SourceDate "2013.04.22"]
[SourceVersion "1"]
[SourceVersionDate "2013.04.22"]
[SourceQuality "1"]

1. Nf3 Nf6 2. g3 d5 3. Bg2 e6 4. c4 Be7 5. b3 0-0 6. Bb2 c6 7. 0-0 Nbd7 8. Qc2 Re8 9. d4 Ne4 10. Nbd2 f5 11. Ne1 Bd6 12. Nd3 Qg5 13. Nf3 Qe7 14. Nfe5 Ndf6 15. f3 Ng5 16. Rae1 Bd7 17. Bc1 Nf7 18. Nxf7 Qxf7 19. e4 Bb8 20. e5 dxc4 21. bxc4 Nh5 22. g4 g5 23. gxh5 Qxh5 24. f4 g4 25. d5 Bc7 26. d6 Bb6+ 27. Be3 Kf7 28. Qb2 Rg8 29. Nc5 Rg6 30. Nxd7 Rh6 31. h3 gxh3 32. Bf3 Rg8+ 33. Kh1 Qh4 34. Bf2 Bxf2 35. Qxf2 Rg3 36. Nf6 h2 37. Bg2 Rhg6 38. Re2 Qh3 39. d7 Ke7 40. Qc5+ 1-0

[Event "Bosnjaci op 17th"]
[Site "Bosnjaci"]
[Date "2012.01.06"]
[Round "5"]
[White "Brigljevic, Milan"]
[Black "Bajlo, Kristijan"]
[Result "1-0"]
[WhiteElo "2278"]
[BlackElo "2126"]
[PlyCount "87"]
[EventDate "2012.01.03"]
[EventType "swiss"]
[EventRounds "9"]
[EventCountry "CRO"]
[SourceTitle "CBM 146 Extra"]
[Source "ChessBase"]
[SourceDate "2012.02.29"]
[SourceVersion "1"]
[SourceVersionDate "2012.02.29"]
[SourceQuality "1"]

1. d4 Nf6 2. Nf3 g6 3. c4 Bg7 4. Nc3 d6 5. e4 0-0 6. Be2 e5 7. dxe5 dxe5 8. Bg5 Nbd7 9. Qd2 c6 10. Rd1 Qc7 11. h3 Re8 12. Bh6 Nc5 13. Bxg7 Kxg7 14. Qe3 Ne6 15. g3 Qb6 16. Qxb6 axb6 17. b3 Nd4 18. Nxd4 exd4 19. Rxd4 c5 20. Rd6 Nxe4 21. Nxe4 Rxe4 22. a4 Bf5 23. Kd2 Re6 24. Rxe6 Bxe6 25. Kc3 Rd8 26. Bf3 Bc8 27. h4 Rd6 28. Bd5 Kf8 29. Re1 Rd7 30. b4 Rc7 31. bxc5 bxc5 32. Rb1 Ke7 33. Rb6 Kd8 34. g4 Bd7 35. a5 Kc8 36. g5 Bc6 37. a6 Kb8 38. Bxc6 Rxc6 39. Rxb7+ Kc8 40. Rxf7 Rxa6 41. Rxh7 Ra3+ 42. Kd2 Rf3 43. Ke2 Rf4 44. h5 1-0